| 000 | 01062nam0a22002411 4500 | ||
|---|---|---|---|
| 001 | rc\123851 | ||
| 005 | 20250620191555.0 | ||
| 035 | _a(NLR Aleph) 005380533 | ||
| 090 |
_a7095917 _c7095917 |
||
| 100 | _a20021216d1993 |||y0rusy50 ca | ||
| 101 | 0 | _arus | |
| 102 | _aRU | ||
| 105 | _aa ||||||||| | ||
| 200 | 1 |
_aСОВЕРШЕНСТВОВАНИЕ нормирования и рациональное использование материалов на предприятиях швейной промышленности _f[Сост. к. т. н. доц. Л.Ф. Першина] |
|
| 210 |
_aМ. _cЦНИИТЭИлегпром _d1993 |
||
| 215 |
_a29 с., включ. обл. _cсхем. _d21 |
||
| 225 | 1 |
_aШвейная промышленность _eОбзор. информ. _fЦНИИ информ. и техн.-экон. исслед. лег. пром-сти _v№ 1 |
|
| 702 | 1 |
_aПершина _bЛ.Ф. _gЛюдмила Федоровна _4220 |
|
| 801 | 0 |
_aRU _bNLR _gpsbo |
|
| 801 | 1 |
_aRU _bELAR _2rusmarc |
|
| 852 |
_aNLR _jП10/5175 |
||
| 942 | _cBOOK | ||
| 980 | _aNB | ||